[Event "Joao Pessoa Fischer Memorial 10th"]
[Site "Joao Pessoa"]
[Date "2019.03.29"]
[Round "2"]
[White "Andrade, Roberto Luiz Costa"]
[Black "Macedo, Alexandre Soares"]
[Result "1-0"]
[WhiteElo "2103"]
[BlackElo "1878"]
[PlyCount "91"]
[EventDate "2019.03.29"]
[EventType "swiss"]
[EventRounds "6"]
[EventCountry "BRA"]
[SourceTitle "CBM 190 Extra"]
[Source "ChessBase"]
[SourceDate "2019.07.15"]
[SourceVersion "1"]
[SourceVersionDate "2019.07.15"]
[SourceQuality "1"]

1. e4 c6 2. c4 g6 3. Nc3 Bg7 4. d4 d6 5. Nf3 Nd7 6. Be2 e5 7. 0-0 Ngf6 8. dxe5 dxe5 9. Qd6 Qe7 10. Qxe7+ Kxe7 11. b3 Rd8 12. Ba3+ Ke8 13. Bd6 Nf8 14. Bxe5 Bg4 15. Rad1 Ne6 16. h3 Bxf3 17. Bxf3 Nd7 18. Bxg7 Nxg7 19. Rfe1 Ne5 20. Be2 g5 21. Rxd8+ Rxd8 22. Rd1 Ne6 23. Rxd8+ Kxd8 24. g3 Kc7 25. Na4 b6 26. Kf1 Ng6 27. Ke1 Kd6 28. Kd2 Ke5 29. Ke3 Nd4 30. Bd3 h5 31. b4 h4 32. Nc3 hxg3 33. fxg3 Ne7 34. b5 f5 35. exf5 Nexf5+ 36. Bxf5 Nxf5+ 37. Kd3 c5 38. Ne4 Nd4 39. Nxg5 Kf5 40. Nf7 Ke6 41. Nd8+ Kd6 42. Nc6 Nf5 43. g4 Nh4 44. Nxa7 Ng6 45. Ke4 Ne5 46. Nc8+ 1-0